|
|
|
|
| LEADER |
01333nam a22002537a 4500 |
| 020 |
|
|
|a 9788120340176 (PBK)
|
| 082 |
|
|
|a 519.50285 SAR/ST
|
| 100 |
|
|
|a SARMA K.V.S
|
| 245 |
|
|
|a STATISTICS MADE SIMPLE: DO IT YOURSELF IN PC
|
| 250 |
|
|
|a 2
|
| 260 |
|
|
|a NEW DELHI
|b PHI LEARNING
|c 2010
|
| 300 |
|
|
|a 303P.
|
| 650 |
|
|
|a ROLE OF STATISTICS IN RESEARCH
|
| 650 |
|
|
|a BASICS OF COMPUTER
|
| 650 |
|
|
|a DATA HANDLING
|
| 650 |
|
|
|a IN EXCEL
|
| 650 |
|
|
|a GRAPHS AND CHARTS
|
| 942 |
|
|
|c BK
|
| 999 |
|
|
|c 167646
|d 167646
|
| 952 |
|
|
|0 0
|1 0
|4 0
|6 519_502850000000000_SAR_ST
|7 0
|9 171518
|a KAUCOAP
|b KAUCOAP
|c GEN
|d 2013-08-20
|g 250.00
|o 519.50285 SAR/ST
|p KAU_COAP06296
|r 2013-08-20
|w 2018-06-11
|y BK
|
| 952 |
|
|
|0 0
|1 0
|4 0
|6 519_502850000000000_SAR_ST
|7 0
|9 171519
|a KAUCOAP
|b KAUCOAP
|c GEN
|d 2013-08-20
|g 250.00
|o 519.50285 SAR/ST
|p KAU_COAP06292
|r 2013-08-20
|w 2018-06-11
|y BK
|
| 952 |
|
|
|0 0
|1 0
|4 0
|6 519_502850000000000_SAR_ST
|7 0
|9 171520
|a KAUCOAP
|b KAUCOAP
|c GEN
|d 2013-08-20
|g 250.00
|o 519.50285 SAR/ST
|p KAU_COAP06293
|r 2013-08-20
|w 2018-06-11
|y BK
|
| 952 |
|
|
|0 0
|1 0
|4 0
|6 519_502850000000000_SAR_ST
|7 0
|9 171521
|a KAUCOAP
|b KAUCOAP
|c GEN
|d 2013-08-20
|g 250.00
|o 519.50285 SAR/ST
|p KAU_COAP06294
|r 2013-08-20
|w 2018-06-11
|y BK
|
| 952 |
|
|
|0 0
|1 0
|4 0
|6 519_502850000000000_SAR_ST
|7 0
|9 171522
|a KAUCOAP
|b KAUCOAP
|c GEN
|d 2013-08-20
|g 250.00
|o 519.50285 SAR/ST
|p KAU_COAP06295
|r 2013-08-20
|w 2018-06-11
|y BK
|